Normal view MARC view
  • URDU ADAB-BIOGRAPHY OF ASHFAQ AHMED

Entry Topical Term

Number of records used in: 1

001 - CONTROL NUMBER

  • control field: 78261

003 - CONTROL NUMBER IDENTIFIER

  • control field: NUST

005 - DATE AND TIME OF LATEST TRANSACTION

  • control field: 20210628210134.0

008 - FIXED-LENGTH DATA ELEMENTS

  • fixed length control field: 210628|| aca||aabn | a|a d

040 ## - CATALOGING SOURCE

  • Original cataloging agency: NUST
  • Transcribing agency: NUST

150 ## - HEADING--TOPICAL TERM

  • Topical term or geographic name entry element: URDU ADAB-BIOGRAPHY OF ASHFAQ AHMED

670 ## - SOURCE DATA FOUND

  • Source citation: Work cat.: (NUST): Muhammad Shahid 27318, Ashfaq ahmed beniaz sufi baba, 2004
© 2023 Central Library, National University of Sciences and Technology. All Rights Reserved.